000 00630cam a2200181Ii 4500
020 _a9786047731213
020 _a604773121X
040 _cORX
041 1 _heng
082 0 4 _a658 ROY 2002 C165 Or.
100 1 _aKrames, Jeffrey A.
245 1 0 _aLãnh đạo bằng sự khiêm nhường :
_b12 bài học lãnh đạo từ Giáo hoàng Francis /
300 _a195 pages ;
_c19 cm
520 _aCollects twelve lessons in leadership from Pope Francis, that provides readers with a way to become compassionate, authentic, and effective leaders.
650 0 _aLeadership
700 1 _aPhạm, Phương Thảo
942 _cAEDBB
999 _c19317
_d19317